A Project Report On Impact Of E-Banking in Modern Banking Sector (Record no. 71808)

MARC details
000 -LEADER
fixed length control field 00457nam a2200145Ia 4500
008 - FIXED-LENGTH DATA ELEMENTS--GENERAL INFORMATION
fixed length control field 221007s9999 xx 000 0 und d
041 ## - LANGUAGE CODE
Language code of text/sound track or separate title eng
082 ## - DEWEY DECIMAL CLASSIFICATION NUMBER
Item number RAS
100 ## - MAIN ENTRY--PERSONAL NAME
Personal name Raste Devayani - 2k121065; Prof Pradeep Thite - Guide & [Company Name] - Bank Of Maharashtra, Ganeshnagar,Pune.
9 (RLIN) 102910
245 #2 - TITLE STATEMENT
Title A Project Report On Impact Of E-Banking in Modern Banking Sector
250 ## - EDITION STATEMENT
Edition statement 2014
260 ## - PUBLICATION, DISTRIBUTION, ETC. (IMPRINT)
Date of publication, distribution, etc. 2014
Place of publication, distribution, etc. Pune
300 ## - PHYSICAL DESCRIPTION
Extent 71p
906 ## - LOCAL DATA ELEMENT F, LDF (RLIN)
b General
Holdings
Withdrawn status Lost status Damaged status Not for loan Home library Current library Date acquired Vendor Total Checkouts Full call number Barcode Date last seen Bill Date Koha item type Original Barcode
        Smt. Hiraben Nanavati Institute of Management & Research for Women Smt. Hiraben Nanavati Institute of Management & Research for Women 06/11/2014 HNIMR   RAS HIMR-PR-545 07/10/2022 07/10/2022 Project Reports PR0545